Statistics for "Great" Answers

Click here to take the quiz!

General Stats

  • This quiz has been taken 811 times
  • The average score is 8 of 15

Answer Stats

HintAnswer% Correct
Severe worldwide economic downturn that started in the United States and spread across the world in the 1920's to 1930's.The Great Depression
96%
Macedonian king whose military genius helped him conquer and create a vast empire stretching from Greece to India to Egypt.Alexander the Great
95%
Series of walls built across the historical borders of northern ancient Chinese states and Imperial China intended to protect the kingdom from invaders of the Eurasian SteppeGreat Wall of China
93%
1925 novel by F. Scott Fitzgerald about a millionaire trying to reunite with his former lover.The Great Gatsby
93%
Dog breed also known as the German Mastiff that inspired the monster-hunting dog character of Scooby-Doo.Great Dane
86%
British name for World War I before World War II would happen.The Great War
82%
Island in the United Kingdom separated from the European mainland by the English Channel and the North Sea.Great Britain
74%
Russian Czar that built St. Petersburg and declared it Russia's new capital.Peter the Great
64%
American historical satire film, being Charlie Chaplin's most commercially successful movie.The Great Dictator
44%
Nickname for famous Canadian hockey player Wayne Gretzky.The Great One
38%
1903 movie credited with starting the crime drama genre, introducing cinema to the world of chase scenes, robbers, and gun shootouts, as well as more plot-based films.The Great Train Robbery
19%
The Georgian Empire's first female ruler, whose rule led the apex of the Georgian Golden Age, from 1184 to 1213.Tamar the Great
7%
Deadly Japanese earthquake that killed an estimated 140,000 people. It caused the rebuilding of Tokyo, causing it to become the modern metropolis that it is today.Great Kanto Eartquake
5%
The final major epidemic of the Bubonic Plague to appear in EnglandGreat Plague of London
2%
North American competition show pitting ten amateur bakers against each other in a series of bake-offs.The Great Canadian Baking Show
1%

Score Distribution

Percentile by Number Answered

Percent of People with Each Score

Your Score History

You have not taken this quiz